[Event "CZE-ch U16 2020"]
[Site "Kouty nad Desnou"]
[Date "2020.03.09"]
[Round "3.1"]
[White "Nytra, Ondrej"]
[Black "Frank, Adam"]
[Result "0-1"]
[WhiteElo "2181"]
[BlackElo "2196"]
[Annotator "ChessBase"]
[PlyCount "78"]
[EventDate "2020.03.07"]
[EventCountry "CZE"]
[SourceTitle "playchess.com"]
[Source "ChessBase"]
[SourceQuality "1"]
[TimeControl "5400+30"]

1. e4 {[%emt 0:00:00]} d6 {[%emt 0:00:00]} 2. d4 {[%emt 0:00:00]} Nf6 {[%emt 0:00:00]} 3. Nc3 {[%emt 0:00:00]} g6 {[%emt 0:00:00]} 4. f4 {[%emt 0:00:00]} Bg7 {[%emt 0:00:00]} 5. Nf3 {[%emt 0:00:00]} O-O {[%emt 0:00:00]} 6. Bd3 {[%emt 0:00:00]} Nc6 {[%emt 0:00:00]} 7. O-O {[%emt 0:00:00]} e5 {[%emt 0:00:00]} 8. fxe5 {[%emt 0:00:04]} dxe5 {[%emt 0:00:00]} 9. d5 {[%emt 0:00:03]} Ne7 {[%emt 0:00:00]} 10. Bg5 {[%emt 0:00:38]} h6 {[%emt 0:02:43]} 11. Bh4 {[%emt 0:01:32]} Bg4 {[%emt 0:00:40]} 12. Qd2 {[%emt 0:00:09]} Nh5 {[%emt 0:03:22]} 13. Bc4 {[%emt 0:05:17]} Bxf3 {[%emt 0:04:51]} 14. Rxf3 {[%emt 0:00:40]} g5 {[%emt 0:00:29]} 15. Be1 {[%emt 0:10:37]} Nc8 {[%emt 0:03:57]} 16. g3 {[%emt 0:04:31]} Nd6 {[%emt 0:02:33]} 17. Bb3 {[%emt 0:02:05]} Nf6 {[%emt 0:05:40]} 18. Qe2 {[%emt 0:00:27]} a6 {[%emt 0:02:24]} 19. a4 {[%emt 0:04:25]} Qd7 {[%emt 0:08:19]} 20. Bf2 {[%emt 0:03:52]} g4 {[%emt 0:04:56]} 21. Rd3 {[%emt 0:00:29]} h5 {[%emt 0:05:52]} 22. a5 {[%emt 0:01:53]} Nh7 {[%emt 0:01:20]} 23. Qd2 {[%emt 0:05:13]} Qe7 {[%emt 0:00:46]} 24. Be3 {[%emt 0:01:47]} Bf6 {[%emt 0:01:16]} 25. Qe2 {[%emt 0:02:35]} Bg5 {[%emt 0:16:23]} 26. Bc5 {[%emt 0:00:10]} Qf6 {[%emt 0:06:16]} 27. h4 {[%emt 0:06:08]} gxh3 {[%emt 0:00:17]} 28. Qxh5 {[%emt 0:00:12]} Qg6 {[%emt 0:02:29]} 29. Qxh3 {[%emt 0:00:13]} Nf6 {[%emt 0:00:37]} 30. Qg2 {[%emt 0:10:09]} Kg7 {[%emt 0:00:47]} 31. Rf1 {[%emt 0:06:38]} Rh8 {[%emt 0:00:38]} 32. Bxd6 {[%emt 0:01:03]} cxd6 {[%emt 0:00:05]} 33. Rdf3 {[%emt 0:00:56]} Raf8 {[%emt 0:00:13]} 34. Nd1 {[%emt 0:19:32]} Ng4 {[%emt 0:01:35]} 35. Rc3 {[%emt 0:00:42]} Rh2 {[%emt 0:01:21]} 36. Qf3 {[%emt 0:00:03]} Rfh8 {[%emt 0:02:05]} 37. Qxg4 {[%emt 0:00:54]} Rh1+ {[%emt 0:00:09]} 38. Kf2 {[%emt 0:00:38]} R8h2+ {[%emt 0:00:03]} 39. Ke1 {[%emt 0:00:06]} Bd2# 0-1

[Event "CZE-ch U16 2020"]
[Site "Kouty nad Desnou"]
[Date "2020.03.09"]
[Round "3.2"]
[White "Vojta, Jakub"]
[Black "Neumann, Filip"]
[Result "1-0"]
[WhiteElo "2214"]
[BlackElo "2084"]
[Annotator "ChessBase"]
[PlyCount "111"]
[EventDate "2020.03.07"]
[EventCountry "CZE"]
[SourceTitle "playchess.com"]
[Source "ChessBase"]
[SourceQuality "1"]
[TimeControl "5400+30"]

1. Nf3 {[%emt 0:00:00]} g6 {[%emt 0:00:10]} 2. e4 {[%emt 0:00:00]} c5 {[%emt 0:01:05]} 3. c4 {[%emt 0:00:00]} Bg7 {[%emt 0:00:16]} 4. d4 {[%emt 0:00:00]} cxd4 {[%emt 0:00:05]} 5. Nxd4 {[%emt 0:00:00]} Nc6 {[%emt 0:00:07]} 6. Be3 {[%emt 0:00:05]} Nf6 {[%emt 0:00:10]} 7. Nc3 {[%emt 0:00:12]} Ng4 {[%emt 0:01:06]} 8. Qxg4 {[%emt 0:00:02]} Nxd4 {[%emt 0:00:08]} 9. Qd1 {[%emt 0:00:03]} e5 {[%emt 0:00:08]} 10. Bd3 {[%emt 0:03:26]} O-O {[%emt 0:00:47]} 11. O-O {[%emt 0:00:33]} d6 {[%emt 0:03:03]} 12. Qd2 {[%emt 0:06:05]} Be6 {[%emt 0:13:04]} 13. Rac1 {[%emt 0:02:09]} Qa5 {[%emt 0:08:11]} 14. Rfd1 {[%emt 0:05:52]} Rfc8 {[%emt 0:03:51]} 15. b3 {[%emt 0:01:16]} a6 {[%emt 0:05:23]} 16. Bf1 {[%emt 0:14:19]} b5 {[%emt 0:05:13]} 17. cxb5 {[%emt 0:02:30]} axb5 {[%emt 0:00:06]} 18. Bxd4 {[%emt 0:01:17]} exd4 {[%emt 0:00:03]} 19. Nxb5 {[%emt 0:01:49]} Rxc1 {[%emt 0:00:44]} 20. Qxc1 {[%emt 0:01:02]} Qxa2 {[%emt 0:00:37]} 21. Nxd4 {[%emt 0:01:42]} Bxd4 {[%emt 0:10:48]} 22. Rxd4 {[%emt 0:00:15]} Qa1 {[%emt 0:02:05]} 23. Qxa1 {[%emt 0:08:08]} Rxa1 {[%emt 0:00:04]} 24. Rxd6 {[%emt 0:08:23]} Bxb3 {[%emt 0:00:31]} 25. Rd4 {[%emt 0:00:28]} Bd1 {[%emt 0:00:37]} 26. Rd2 {[%emt 0:00:11]} Bb3 {[%emt 0:00:31]} 27. f3 {[%emt 0:00:41]} Bc4 {[%emt 0:00:05]} 28. Rf2 {[%emt 0:00:03]} h5 {[%emt 0:00:19]} 29. g3 {[%emt 0:01:32]} Kg7 {[%emt 0:00:56]} 30. Kg2 {[%emt 0:00:05]} Bxf1+ {[%emt 0:00:04]} 31. Rxf1 {[%emt 0:00:04]} Ra2+ {[%emt 0:00:09]} 32. Rf2 {[%emt 0:00:06]} Ra5 {[%emt 0:00:17]} 33. Rb2 {[%emt 0:00:59]} Ra7 {[%emt 0:01:31]} 34. f4 {[%emt 0:02:40]} Ra4 {[%emt 0:00:26]} 35. Re2 {[%emt 0:00:31]} Ra5 {[%emt 0:01:01]} 36. Kh3 {[%emt 0:00:43]} Rb5 {[%emt 0:00:57]} 37. e5 {[%emt 0:01:21]} Rb7 {[%emt 0:00:58]} 38. Kh4 {[%emt 0:00:15]} Kh6 {[%emt 0:01:31]} 39. Rd2 {[%emt 0:02:32]} Ra7 {[%emt 0:04:46]} 40. Rd6 {[%emt 0:01:07]} Re7 {[%emt 0:01:36]} 41. Rf6 {[%emt 0:00:32]} Kg7 {[%emt 0:00:27]} 42. Kg5 {[%emt 0:00:54]} Re8 {[%emt 0:00:39]} 43. h3 {[%emt 0:01:45]} Re7 {[%emt 0:00:36]} 44. Rd6 {[%emt 0:12:50]} Ra7 {[%emt 0:10:36]} 45. g4 {[%emt 0:04:39]} hxg4 {[%emt 0:00:46]} 46. hxg4 {[%emt 0:00:08]} Ra5 {[%emt 0:05:07]} 47. Rd7 {[%emt 0:00:41]} Rb5 {[%emt 0:01:36]} 48. Re7 {[%emt 0:00:20]} Rb6 {[%emt 0:09:56]} 49. f5 {[%emt 0:01:48]} gxf5 {[%emt 0:01:27]} 50. gxf5 {[%emt 0:00:10]} Kf8 {[%emt 0:00:58]} 51. Ra7 {[%emt 0:00:15]} Kg8 {[%emt 0:03:53]} 52. Rc7 {[%emt 0:02:35]} f6+ {[%emt 0:03:37]} 53. Kg6 {[%emt 0:00:18]} fxe5+ {[%emt 0:00:38]} 54. f6 {[%emt 0:00:05]} Rb8 {[%emt 0:00:12]} 55. Rg7+ {[%emt 0:00:09]} Kf8 {[%emt 0:00:41]} 56. Rh7 {[%emt 0:00:04]} 1-0

[Event "CZE-ch U16 2020"]
[Site "Kouty nad Desnou"]
[Date "2020.03.09"]
[Round "3.3"]
[White "Placer, Sebastian"]
[Black "Jun, Rudolf Jr."]
[Result "1-0"]
[WhiteElo "2189"]
[BlackElo "2104"]
[Annotator "ChessBase"]
[PlyCount "101"]
[EventDate "2020.03.07"]
[EventCountry "CZE"]
[SourceTitle "playchess.com"]
[Source "ChessBase"]
[SourceQuality "1"]
[TimeControl "5400+30"]

1. d4 {[%emt 0:00:00]} Nf6 {[%emt 0:00:00]} 2. c4 {[%emt 0:00:00]} g6 {[%emt 0:00:00]} 3. Nc3 {[%emt 0:00:18]} Bg7 {[%emt 0:00:13]} 4. e4 {[%emt 0:00:38]} d6 {[%emt 0:00:28]} 5. Nf3 {[%emt 0:00:31]} O-O {[%emt 0:00:57]} 6. Be2 {[%emt 0:00:36]} e5 {[%emt 0:01:38]} 7. O-O {[%emt 0:00:37]} Nc6 {[%emt 0:01:03]} 8. d5 {[%emt 0:01:06]} Ne7 {[%emt 0:00:25]} 9. b4 {[%emt 0:00:56]} Ne8 {[%emt 0:16:06]} 10. c5 {[%emt 0:01:04]} h6 {[%emt 0:04:45]} 11. Nd2 {[%emt 0:02:14]} f5 {[%emt 0:03:15]} 12. a4 {[%emt 0:03:53]} Nf6 {[%emt 0:02:57]} 13. Qb3 {[%emt 0:05:46]} Kh7 {[%emt 0:09:04]} 14. cxd6 {[%emt 0:11:52]} cxd6 {[%emt 0:00:25]} 15. Ba3 {[%emt 0:00:41]} f4 {[%emt 0:04:41]} 16. b5 {[%emt 0:04:32]} Ne8 {[%emt 0:06:50]} 17. Rac1 {[%emt 0:04:48]} g5 {[%emt 0:03:07]} 18. Qd1 {[%emt 0:05:40]} Ng6 {[%emt 0:10:44]} 19. Bg4 {[%emt 0:04:51]} Bxg4 {[%emt 0:01:36]} 20. Qxg4 {[%emt 0:00:07]} f3 {[%emt 0:01:12]} 21. Nxf3 {[%emt 0:14:36]} Rf4 {[%emt 0:02:18]} 22. Qg3 {[%emt 0:04:51]} Nf6 {[%emt 0:12:54]} 23. Nd2 {[%emt 0:01:51]} Rg4 {[%emt 0:01:11]} 24. Qe3 {[%emt 0:01:53]} Rh4 {[%emt 0:01:01]} 25. Nf3 {[%emt 0:01:54]} Rh5 {[%emt 0:00:12]} 26. Ne2 {[%emt 0:07:31]} g4 {[%emt 0:01:19]} 27. Nd2 {[%emt 0:01:31]} Rg5 {[%emt 0:04:09]} 28. Nc4 {[%emt 0:02:04]} Ne8 {[%emt 0:00:47]} 29. Ng3 {[%emt 0:00:43]} Bf8 {[%emt 0:08:20]} 30. Bb4 {[%emt 0:02:07]} Qd7 {[%emt 0:01:53]} 31. Rc2 {[%emt 0:02:08]} Nf4 {[%emt 0:00:20]} 32. Nxe5 {[%emt 0:04:52]} dxe5 {[%emt 0:01:33]} 33. Bxf8 {[%emt 0:00:05]} Rc8 {[%emt 0:00:36]} 34. Rxc8 {[%emt 0:00:20]} Qxc8 {[%emt 0:00:04]} 35. Rc1 {[%emt 0:00:24]} Qd7 {[%emt 0:00:23]} 36. Qxa7 {[%emt 0:01:01]} h5 {[%emt 0:00:17]} 37. Qe3 {[%emt 0:01:46]} Qf7 {[%emt 0:01:15]} 38. Bb4 {[%emt 0:01:14]} Qg6 {[%emt 0:00:29]} 39. Be7 {[%emt 0:00:55]} Nf6 {[%emt 0:00:32]} 40. Rc7 {[%emt 0:02:05]} Kg8 {[%emt 0:00:29]} 41. Bxf6 {[%emt 0:02:05]} Qxf6 {[%emt 0:00:16]} 42. Qa7 {[%emt 0:01:38]} Rg7 {[%emt 0:00:35]} 43. Qxb7 {[%emt 0:00:47]} Rxc7 {[%emt 0:00:33]} 44. Qxc7 {[%emt 0:00:01]} Nd3 {[%emt 0:00:00]} 45. Qc8+ {[%emt 0:00:00]} Kf7 {[%emt 0:00:00]} 46. Qf5 {[%emt 0:00:00]} Qxf5 47. Nxf5 Nc5 {[%emt 0:00:00]} 48. a5 {[%emt 0:00:00]} Nxe4 {[%emt 0:00:00]} 49. a6 {[%emt 0:00:00]} Nc3 {[%emt 0:00:00]} 50. a7 {[%emt 0:00:00]} Nxd5 {[%emt 0:00:00]} 51. a8=Q {[%emt 0:00:00]} 1-0

[Event "CZE-ch U16 2020"]
[Site "Kouty nad Desnou"]
[Date "2020.03.09"]
[Round "3.4"]
[White "Ret, Adam Josef"]
[Black "Kusa, Jakub"]
[Result "0-1"]
[WhiteElo "1999"]
[BlackElo "2188"]
[Annotator "TA"]
[PlyCount "96"]
[EventDate "2020.03.07"]
[EventCountry "CZE"]
[SourceTitle "playchess.com"]
[Source "ChessBase"]
[SourceQuality "1"]

{[%evp 9,96,0,23,-5,0,-4,0,-25,0,-34,1,-12,2,0,26,-5,0,1,0,-1,0,-1,0,-52,-53,-43,0,0,0,-53,10,12,25,26,19,-22,16,-65,-82,-176,-91,-93,33,-84,13,-134,-20,-147,-133,-135,-146,-285,-260,-273,-261,-232,-197,-195,-189,-562,-68,-356,-361,-346,-355,-338,-377,-371,-64,-208,0,-371,-356,-375,-359,-382,-377,-377,-367,-357,-371,-361,-338,-361,-346,-620,-387,-462,-445]} 1. d4 Nf6 2. Nf3 e6 3. Bf4 d5 4. e3 Bd6 5. Bg3 c5 6. c3 {D02: 1 d4 d5 2 Nf3 sidelines, including 2...Nf6 3 g3 and 2...Nf6 3 Bf4.} O-O 7. Bd3 Qc7 8. Ne5 {The position is equal.} Nc6 9. f4 Ne7 10. Nd2 Nf5 11. Bf2 Be7 12. Qf3 b6 13. g4 Nd6 $1 {[#]} 14. g5 $146 ({Predecessor:} 14. Qh3 Nfe4 15. g5 Bb7 16. Rg1 Nf5 17. Ndf3 cxd4 18. Nxd4 g6 19. Ng4 Qd6 20. Bxe4 dxe4 {1-0 (32) Bednarek,S (2307)-Tari,A (2593) Katowice 2017}) 14... Nfe4 15. Rg1 {[%cal Rd2e4]} Bb7 16. Rg4 (16. Qe2 $11) 16... cxd4 $15 17. exd4 f6 18. gxf6 Bxf6 19. Qh3 (19. Qe2 $11) 19... Bxe5 (19... Nf5 $15) 20. dxe5 $11 Nf5 21. Nf3 g6 22. Bd4 Rac8 23. Rc1 ({White should play} 23. O-O-O $11) 23... Rf7 $15 24. Ke2 (24. Bg1 $17) 24... Rcf8 ({Better is} 24... Qd7 $19 25. Kf1 Qa4) 25. Rcg1 $17 Bc8 (25... Rg7 $17 26. a3 Qc6) 26. Be3 (26. Nh4 $1 $14 {is the one way to stay ahead.}) 26... Qe7 (26... Nxe3 $6 27. Kxe3 b5 28. Nd4 $11) (26... Qc6 $17 {Threatens to win with ...Qa4.} 27. Nh4 Rg7 28. Nxf5 Rxf5) 27. Rd1 (27. Nh4 $1 $11 {keeps the balance.} Nxh4 28. Rxh4) 27... Bd7 (27... Qe8 $1 $17 28. Ng5 Nxg5 29. Rxg5 Qa4 30. Bxf5 Rxf5 31. Rxf5 Rxf5) 28. Bc1 (28. Nh4 $11) 28... Qc5 {[%csl Ge4][%cal Rc5f2]} 29. Bxe4 dxe4 30. Ng5 (30. Nh4 $17 {was called for.}) 30... Bb5+ $19 31. Ke1 {[#]} Qc4 $1 {[%csl Gb5][%cal Rc4e2][%mdl 512]} 32. Qg2 e3 {White must now prevent ...e2.} 33. Nxf7 Kxf7 34. Qf3 $2 (34. Qb7+ Kg8 35. Qf3) 34... Ba4 $2 ({Black should try} 34... h5 $19 35. Rg1 Nh4 36. Rd7+ {[#]} Ke8 $1 {[%mdl 512]} 37. Qxe3 Ng2+ $1 {[%mdl 576] Deflection, Decoy} 38. Rxg2 Qf1+ {[%mdl 64] Double Attack} 39. Kd2 Qxg2+ {[%mdl 64] Double Attack} 40. Kd1 Bxd7) 35. Qe2 $2 {[%mdl 8192]} (35. Rd6 $1 $15) 35... Qxa2 36. Qa6 Qb3 {[%csl Ga4][%cal Rb3d1]} 37. Qd3 h5 38. Rg1 Nh4 $2 (38... Qxd1+ 39. Qxd1 Bxd1 40. Kxd1 $11) (38... Rc8 $19 {Strongly threatening ...Rc4.} 39. Qe2 Qxd1+ 40. Qxd1 Bxd1 41. Kxd1 Rc4) 39. Rg3 (39. Qe2 $15) 39... Nf5 $2 $40 {[%mdl 128] Black is up to no good.} ({Resist} 39... Qxd1+ 40. Qxd1 Bxd1 41. Kxd1 $17) (39... Kg7 40. Bxe3 Qxd1+ {[%mdl 64] Overworked Piece} 41. Qxd1 Bxd1 42. Kxd1 Nf5) 40. Rg1 $1 Rc8 ({Stronger than} 40... Qxd1+ 41. Qxd1 Bxd1 42. Kxd1 $11) 41. Qe2 {If only White now had time for Rd3....} Qxd1+ 42. Qxd1 Bxd1 43. Kxd1 {[%mdl 4096] Endgame KRB-KRN} Rc4 44. Rf1 {[#]} g5 $1 {[%mdl 512]} 45. fxg5 {intending Bxe3.} Kg6 46. Ke2 Rh4 ({Inferior is} 46... Kxg5 47. Bxe3+ Nxe3 48. Kxe3 $15) 47. Rh1 $2 (47. Bxe3 Rxh2+ 48. Rf2 Rxf2+ 49. Bxf2) 47... Rh3 48. b4 Kxg5 {Accuracy: White = 40%, Black = 49%.} 0-1

[Event "CZE-ch U16 2020"]
[Site "Kouty nad Desnou"]
[Date "2020.03.09"]
[Round "3.5"]
[White "Vantuch, Lucian"]
[Black "Gnojek, Petr"]
[Result "0-1"]
[WhiteElo "1891"]
[BlackElo "2129"]
[Annotator "ChessBase"]
[PlyCount "92"]
[EventDate "2020.03.07"]
[EventCountry "CZE"]
[SourceTitle "playchess.com"]
[Source "ChessBase"]
[SourceQuality "1"]
[TimeControl "5400+30"]

1. e4 {[%emt 0:00:00]} d6 {[%emt 0:00:00]} 2. d4 {[%emt 0:00:00]} Nf6 {[%emt 0:00:00]} 3. f3 {[%emt 0:00:00]} c5 {[%emt 0:00:00]} 4. Bb5+ {[%emt 0:08:00]} Bd7 {[%emt 0:01:11]} 5. Bxd7+ {[%emt 0:00:23]} Nbxd7 {[%emt 0:00:06]} 6. Ne2 {[%emt 0:01:11]} cxd4 {[%emt 0:06:06]} 7. Nxd4 {[%emt 0:01:00]} Rc8 {[%emt 0:00:18]} 8. O-O {[%emt 0:05:39]} e6 {[%emt 0:02:14]} 9. b3 {[%emt 0:05:27]} d5 {[%emt 0:07:02]} 10. exd5 {[%emt 0:00:20]} Nxd5 {[%emt 0:00:04]} 11. c4 {[%emt 0:00:08]} N5f6 {[%emt 0:00:03]} 12. Kh1 {[%emt 0:02:14]} Bc5 {[%emt 0:05:17]} 13. Nc3 {[%emt 0:05:23]} Ne5 {[%emt 0:08:36]} 14. Nce2 {[%emt 0:08:24]} O-O {[%emt 0:01:16]} 15. Bb2 {[%emt 0:01:49]} Nc6 {[%emt 0:10:49]} 16. Nxc6 {[%emt 0:03:58]} Rxc6 {[%emt 0:00:07]} 17. Qc2 {[%emt 0:14:50]} Qe7 {[%emt 0:02:49]} 18. Rad1 {[%emt 0:01:45]} Rd8 {[%emt 0:02:11]} 19. Ng3 {[%emt 0:03:25]} Rxd1 {[%emt 0:00:33]} 20. Rxd1 {[%emt 0:00:06]} Rd6 {[%emt 0:02:19]} 21. Bxf6 {[%emt 0:02:50]} Qxf6 {[%emt 0:00:25]} 22. Ne4 {[%emt 0:00:50]} Qb2 {[%emt 0:01:28]} 23. Qb1 Rxd1+ {[%emt 0:00:44]} 24. Qxd1 {[%emt 0:04:04]} Bf8 {[%emt 0:05:21]} 25. a4 {[%emt 0:01:23]} h6 {[%emt 0:02:49]} 26. h3 {[%emt 0:00:45]} Qe5 {[%emt 0:02:40]} 27. Qd2 {[%emt 0:06:56]} f5 {[%emt 0:02:26]} 28. Qc3 {[%emt 0:02:16]} Qxc3 {[%emt 0:06:11]} 29. Nxc3 {[%emt 0:00:07]} Kf7 {[%emt 0:00:03]} 30. Kg1 {[%emt 0:04:01]} Ke7 {[%emt 0:02:07]} 31. Kf1 {[%emt 0:01:02]} Kd7 {[%emt 0:00:50]} 32. Ke2 {[%emt 0:00:51]} Kc6 {[%emt 0:00:33]} 33. Kd3 {[%emt 0:01:49]} a6 {[%emt 0:08:00]} 34. Ne2 {[%emt 0:00:57]} Bc5 {[%emt 0:00:21]} 35. Kc3 {[%emt 0:10:55]} a5 {[%emt 0:00:21]} 36. Nd4+ {[%emt 0:00:28]} Kd6 {[%emt 0:06:13]} 37. Kd3 {[%emt 0:00:07]} Bxd4 {[%emt 0:00:36]} 38. Kxd4 {[%emt 0:00:11]} e5+ {[%emt 0:00:04]} 39. Kd3 {[%emt 0:01:26]} Kc5 {[%emt 0:00:15]} 40. g4 {[%emt 0:00:09]} g6 {[%emt 0:00:06]} 41. h4 {[%emt 0:00:15]} h5 {[%emt 0:00:05]} 42. g5 {[%emt 0:00:51]} Kb4 {[%emt 0:00:21]} 43. Kc2 {[%emt 0:00:05]} b6 {[%emt 0:01:03]} 44. Kb2 {[%emt 0:00:03]} e4 {[%emt 0:00:12]} 45. fxe4 {[%emt 0:00:08]} fxe4 {[%emt 0:00:03]} 46. Kc2 {[%emt 0:00:06]} e3 {[%emt 0:00:04]} 0-1

[Event "CZE-ch U16 2020"]
[Site "Kouty nad Desnou"]
[Date "2020.03.09"]
[Round "3.6"]
[White "Mach, Petr"]
[Black "Janouch, Jachym Stepan"]
[Result "1-0"]
[WhiteElo "2045"]
[BlackElo "1888"]
[Annotator "ChessBase"]
[PlyCount "71"]
[EventDate "2020.03.07"]
[EventCountry "CZE"]
[SourceTitle "playchess.com"]
[Source "ChessBase"]
[SourceQuality "1"]
[TimeControl "5400+30"]

1. d4 {[%emt 0:00:00]} d5 {[%emt 0:00:57]} 2. c4 {[%emt 0:00:00]} e6 {[%emt 0:00:45]} 3. Nf3 {[%emt 0:00:00]} a6 {[%emt 0:00:22]} 4. Bg5 {[%emt 0:00:37]} Be7 {[%emt 0:00:43]} 5. Bxe7 {[%emt 0:00:19]} Nxe7 {[%emt 0:00:28]} 6. e3 {[%emt 0:04:19]} O-O {[%emt 0:00:24]} 7. Nbd2 {[%emt 0:00:39]} Nd7 {[%emt 0:02:17]} 8. Bd3 {[%emt 0:00:56]} Nf6 {[%emt 0:11:33]} 9. O-O {[%emt 0:01:53]} dxc4 {[%emt 0:03:12]} 10. Nxc4 {[%emt 0:01:03]} b6 {[%emt 0:01:35]} 11. Rc1 {[%emt 0:07:18]} Bb7 {[%emt 0:00:38]} 12. Nce5 {[%emt 0:05:24]} Rc8 {[%emt 0:05:41]} 13. Qe2 {[%emt 0:01:28]} b5 {[%emt 0:02:20]} 14. a4 {[%emt 0:07:22]} c6 {[%emt 0:02:05]} 15. Nd2 {[%emt 0:20:48]} Nd7 {[%emt 0:12:47]} 16. Nxd7 {[%emt 0:00:35]} Qxd7 {[%emt 0:00:11]} 17. Nb3 {[%emt 0:00:18]} Nd5 {[%emt 0:05:03]} 18. Nc5 {[%emt 0:01:21]} Qe7 {[%emt 0:00:45]} 19. Be4 {[%emt 0:04:36]} Rfd8 {[%emt 0:04:33]} 20. Bxd5 {[%emt 0:07:57]} exd5 {[%emt 0:00:45]} 21. axb5 {[%emt 0:00:28]} axb5 {[%emt 0:01:32]} 22. b4 {[%emt 0:02:11]} Rd6 {[%emt 0:09:13]} 23. Ra1 {[%emt 0:01:27]} h6 {[%emt 0:01:10]} 24. Ra7 {[%emt 0:01:44]} Rc7 {[%emt 0:00:11]} 25. Rfa1 {[%emt 0:00:50]} Kh7 {[%emt 0:03:05]} 26. Qc2+ {[%emt 0:02:23]} Rg6 {[%emt 0:00:08]} 27. h4 {[%emt 0:05:22]} h5 {[%emt 0:02:34]} 28. Qf5 {[%emt 0:03:52]} Bc8 {[%emt 0:01:54]} 29. Rxc7 {[%emt 0:00:21]} Qxc7 {[%emt 0:00:27]} 30. Qxh5+ {[%emt 0:01:43]} Rh6 {[%emt 0:00:32]} 31. Qg5 {[%emt 0:02:44]} f6 {[%emt 0:04:41]} 32. Qg3 {[%emt 0:01:07]} Qf7 {[%emt 0:06:48]} 33. Ra8 {[%emt 0:02:50]} Bf5 {[%emt 0:03:22]} 34. Qb8 {[%emt 0:02:05]} Kg6 {[%emt 0:02:21]} 35. Ra7 {[%emt 0:01:49]} Rh8 {[%emt 0:00:59]} 36. Qg3+ {[%emt 0:00:06]} 1-0

[Event "CZE-ch U16 2020"]
[Site "Kouty nad Desnou"]
[Date "2020.03.09"]
[Round "3.7"]
[White "Vecera, Dominik"]
[Black "Hosnedl, Matyas"]
[Result "1/2-1/2"]
[WhiteElo "1814"]
[BlackElo "1977"]
[Annotator "ChessBase"]
[PlyCount "67"]
[EventDate "2020.03.07"]
[EventCountry "CZE"]
[SourceTitle "playchess.com"]
[Source "ChessBase"]
[SourceQuality "1"]
[TimeControl "5400+30"]

1. e4 {[%emt 0:00:00]} e6 {[%emt 0:00:00]} 2. d4 {[%emt 0:00:00]} d5 {[%emt 0:00:00]} 3. Nd2 {[%emt 0:00:00]} a6 {[%emt 0:00:11]} 4. Bd3 {[%emt 0:03:34]} c5 {[%emt 0:00:22]} 5. c3 {[%emt 0:06:05]} cxd4 {[%emt 0:00:17]} 6. cxd4 {[%emt 0:00:05]} dxe4 {[%emt 0:00:10]} 7. Nxe4 {[%emt 0:00:16]} Bb4+ {[%emt 0:00:07]} 8. Nc3 {[%emt 0:04:10]} Nc6 {[%emt 0:01:19]} 9. Nf3 {[%emt 0:02:52]} Nf6 {[%emt 0:04:26]} 10. O-O {[%emt 0:03:58]} h6 {[%emt 0:00:51]} 11. Bf4 {[%emt 0:13:26]} O-O {[%emt 0:02:04]} 12. Rc1 {[%emt 0:02:27]} Bd6 {[%emt 0:07:32]} 13. Be5 {[%emt 0:10:48]} Nb4 {[%emt 0:07:59]} 14. Bb1 {[%emt 0:02:40]} Bxe5 {[%emt 0:10:27]} 15. dxe5 {[%emt 0:05:43]} Qxd1 {[%emt 0:06:15]} 16. Rfxd1 {[%emt 0:00:34]} Nd7 {[%emt 0:10:58]} 17. Be4 {[%emt 0:10:42]} f5 {[%emt 0:04:36]} 18. Bxb7 {[%emt 0:05:33]} Bxb7 {[%emt 0:03:16]} 19. Rxd7 {[%emt 0:00:01]} Bxf3 {[%emt 0:05:15]} 20. gxf3 {[%emt 0:00:02]} Rfd8 21. Rcd1 {[%emt 0:03:08]} Nc6 {[%emt 0:08:42]} 22. f4 {[%emt 0:04:17]} g5 {[%emt 0:05:39]} 23. R7d6 {[%emt 0:01:50]} Rxd6 {[%emt 0:02:28]} 24. Rxd6 {[%emt 0:00:16]} Nd8 {[%emt 0:00:48]} 25. fxg5 {[%emt 0:02:36]} hxg5 {[%emt 0:00:05]} 26. Na4 {[%emt 0:01:55]} Kf7 {[%emt 0:03:02]} 27. Nc5 {[%emt 0:01:53]} a5 {[%emt 0:01:00]} 28. Rd7+ {[%emt 0:03:46]} Ke8 {[%emt 0:03:32]} 29. Rg7 {[%emt 0:03:11]} Rc8 {[%emt 0:01:38]} 30. Nd7 {[%emt 0:04:35]} Nf7 {[%emt 0:04:22]} 31. Nf6+ {[%emt 0:00:53]} Ke7 {[%emt 0:00:33]} 32. Nh7 {[%emt 0:01:00]} Rc4 {[%emt 0:00:08]} 33. h3 {[%emt 0:00:57]} Ke8 {[%emt 0:00:39]} 34. Nf6+ {[%emt 0:00:32]} 1/2-1/2

[Event "CZE-ch U16 2020"]
[Site "Kouty nad Desnou"]
[Date "2020.03.09"]
[Round "3.8"]
[White "Volak, Simon"]
[Black "Rokos, Filip"]
[Result "1-0"]
[WhiteElo "1937"]
[BlackElo "2127"]
[Annotator "TA"]
[PlyCount "87"]
[EventDate "2020.03.07"]
[EventCountry "CZE"]
[SourceTitle "playchess.com"]
[Source "ChessBase"]
[SourceQuality "1"]

{[%evp 22,87,27,10,31,31,53,16,29,20,24,25,67,28,27,22,29,26,25,24,45,43,48,33,35,39,104,87,120,42,53,48,72,42,121,112,119,115,181,150,196,187,196,173,782,775,1145,1042,2470,703,698,673,662,611,613,613,604,598,603,604,754,746,707,656,643,634,628,622]} 1. e4 e6 2. d4 d5 3. Nd2 c5 4. exd5 exd5 5. Ngf3 Nc6 6. Bb5 Bd6 7. dxc5 Bxc5 8. O-O Nge7 9. Nb3 Bd6 10. Re1 O-O 11. Bg5 Bg4 12. Be2 {has lost popularity (12.Bh4).} Bh5 {[#] C09: French Tarrasch: 3...c5 4 exd5 exd5 5 Ngf3 Nc6.} 13. Qd2 $146 ({Predecessor:} 13. Nfd4 Bg6 14. Bd3 Re8 15. c3 a6 16. Bxg6 hxg6 17. Nf3 Qc7 18. Bxe7 Nxe7 19. Qd4 Qc6 20. Rad1 {½-½ (20) Schmidt,P (2340)-Uhlmann,W (2460) Austria 1999}) 13... Qc7 14. h3 f6 {The position is equal.} 15. Be3 Bf7 16. Nfd4 Qd7 17. Nxc6 Nxc6 18. Bc5 Ne5 19. Bxd6 Qxd6 20. Rad1 Rfd8 21. c3 a6 22. Nd4 b5 23. Bd3 Bg6 (23... Re8 $14) 24. Bxg6 $16 hxg6 {[#]} 25. Re2 (25. f4 $1 $16 {[%cal Rf4e5]} Nf7 26. Qe3) 25... Re8 $14 26. Rde1 {f4 is the strong threat.} Kf7 27. Qf4 b4 {Black is on the road to losing.} (27... Nc4 $14 28. Qg4 Rxe2 29. Rxe2 (29. Qxe2 Qd7 $14) 29... Ne5) 28. cxb4 $16 g5 {[#]} 29. Qd2 $1 g6 (29... Nc6 $16) 30. a3 g4 31. hxg4 Nxg4 {( -> ...Qh2+)} 32. g3 Nxf2 $2 (32... Ne5 33. f4 Nc4) 33. Kxf2 $18 {White is clearly winning.} Rh8 34. Kg2 Ra7 35. Qf4 Qxf4 36. gxf4 Rc8 37. Rc2 Rxc2+ 38. Nxc2 {[%mdl 4096] Endgame KRN-KR} Rc7 39. Re2 Rc4 40. Kf3 f5 41. Ne1 Rd4 42. Ng2 Rd3+ 43. Kf2 Kf6 44. Rc2 {Accuracy: White = 70%, Black = 50%.} 1-0